000 00275nam a22001217a 4500
008 171220b xxu||||| |||| 00| 0 eng d
041 _aeng
080 _a61
100 _a3
101 _aSHM
245 _aADVANCED CLINICAL MRI PRACTICUM
_cTANENBAUM.L.N
942 _2udc
_cBK
999 _c39202
_d39202